Faculty of Law Library — Cairo University

Official Online Catalog

الأماكن الدينية المقدسة فى منظور القانون الدولى : (Record no. 60049)

MARC details
000 -LEADER
fixed length control field 01329nam a2200325 i 4500
003 - CONTROL NUMBER IDENTIFIER
control field EG-GICUC
005 - DATE AND TIME OF LATEST TRANSACTION
control field 20260129144842.0
008 - FIXED-LENGTH DATA ELEMENTS--GENERAL INFORMATION
fixed length control field 260129s1998 ua a|||f |||| 00| 0 ara d
040 ## - CATALOGING SOURCE
Original cataloging agency EG-GICUC
Language of cataloging ara
Transcribing agency EG-GICUC
Modifying agency EG-GICUC
Description conventions rda
041 1# - LANGUAGE CODE
Language code of text/sound track or separate title ara
043 ## - GEOGRAPHIC AREA CODE
Geographic area code ua#
082 04 - DEWEY DECIMAL CLASSIFICATION NUMBER
Edition number 21
Classification number 341.76
Item number م ص . أ
092 04 - LOCALLY ASSIGNED DEWEY CALL NUMBER (OCLC)
Edition number 21
099 ## - LOCAL FREE-TEXT CALL NUMBER (OCLC)
Classification number Law1 11 341.76 م ص . أ 1998
100 0# - MAIN ENTRY--PERSONAL NAME
Personal name مصطفى أحمد فؤاد
Relator term مؤلف.
245 12 - TITLE STATEMENT
Title الأماكن الدينية المقدسة فى منظور القانون الدولى :
Remainder of title دراسة تطبيقية للإنتهاكات الإنتهاكات الإسرائيلية بالأماكن المقدسة فى فلسطين /
Statement of responsibility, etc. مصطفى أحمد فؤاد
264 ## - PRODUCTION, PUBLICATION, DISTRIBUTION, MANUFACTURE, AND COPYRIGHT NOTICE
Place of production, publication, distribution, manufacture [طنطا] :
Name of producer, publisher, distributor, manufacturer [د . ن]،
Date of production, publication, distribution, manufacture, or copyright notice 1998.
300 ## - PHYSICAL DESCRIPTION
Extent 234 صفحة
Dimensions 24 سم
336 ## - CONTENT TYPE
Source rda content
Content type term text
337 ## - MEDIA TYPE
Source rda media
Media type term Computer
338 ## - CARRIER TYPE
Source rda carrier
Carrier type term Online Resource
500 ## - GENERAL NOTE
General note يشتمل على إرجاعات ببليوجرافية
504 ## - BIBLIOGRAPHY, ETC. NOTE
Bibliography, etc. note . 240-220 ببليوجرافيا: صفحات.
650 1# - SUBJECT ADDED ENTRY--TOPICAL TERM
Topical term or geographic name entry element العلاقات الدولية الثقافية
Source of heading or term qrmak
650 1# - SUBJECT ADDED ENTRY--TOPICAL TERM
Topical term or geographic name entry element المقدسات الدينية-القانون الدولى
651 1# - SUBJECT ADDED ENTRY--GEOGRAPHIC NAME
Source of heading or term qrmak
856 40 - ELECTRONIC LOCATION AND ACCESS
Uniform Resource Identifier <a href="https://fll.law.cu.edu.eg/fulltext/bks/B11-05326.pdf">https://fll.law.cu.edu.eg/fulltext/bks/B11-05326.pdf</a>
905 ## - Cataloger and Reviser Names
Cataloger Name: Nermin
942 ## - ADDED ENTRY ELEMENTS (KOHA)
Source of classification or shelving scheme Dewey Decimal Classification
Koha item type Books
Edition 21
Suppress in OPAC No
Holdings
Withdrawn status Lost status Source of classification or shelving scheme Damaged status Not for loan Collection Home library Current library Date acquired Total checkouts Full call number Barcode Date last seen Copy number Price effective from Koha item type
    Dewey Decimal Classification   Not for loan القانون الدولي العام جــــامعة القــاهرة مكتبة كلية الحقوق - المبنى الرئيسي 29.01.2026   Law1 11 341.76 م ص . أ 1998 1105326 C1 B11-05326 29.01.2026 1 29.01.2026 Books

© All rights reserved — Faculty of Law, Cairo University